[Event "Julian Borowski-A 4th"]
[Site "Essen"]
[Date "2002.05.24"]
[Round "8"]
[White "Kortschnoj, Viktor Lvovich"]
[Black "Jussupow, Artur"]
[Result "1-0"]
[WhiteElo "2635"]
[BlackElo "2618"]
[Annotator "Kortschnoj,Viktor Lvovich"]
[PlyCount "71"]
[EventDate "2002.05.16"]
[EventType "tourn"]
[EventRounds "9"]
[EventCountry "GER"]
[EventCategory "16"]
[SourceTitle "CBM 090"]
[Source "ChessBase"]
[SourceDate "2002.09.20"]
[SourceVersion "1"]
[SourceVersionDate "2002.09.20"]
[SourceQuality "1"]

1. d4 {Tsesarsky} d5 2. c4 c6 3. Nf3 e6 4. Qc2 dxc4 $6 {Old-fashioned (presumably) views of the first half of the 20-th century say: giving up a stronghold in the centre would facilitate white to seize the initiative. Whether the revision of those views will help to the further development of the chess art is a question.} 5. Qxc4 b5 $2 {Fianchetto accellerated?} 6. Qc2 Bb7 7. e4 Nd7 ({Better looks} 7... Nf6 {Tsesarsky} 8. Be2 (8. Bd3 {Tsesarsky} Nbd7 9. O-O (9. Bg5 {Tsesarsky} a6 10. Qe2 h6 11. Bxf6 Qxf6 12. a4 Bb4+ 13. Nbd2 e5 14. O-O O-O 15. Nxe5 Nxe5 16. dxe5 Qxe5 17. Nf3 Qf4 18. e5 c5 $11 {½-½ Ovetchkin,R-Geller,J/Togliatty RUS 2001/The Week in Chess 354 (28)}) 9... a6 10. Qe2 c5 11. Bg5 cxd4 12. e5 h6 (12... Bxf3 {Tsesarsky} 13. gxf3 $16) 13. exf6 gxf6 (13... hxg5 {Tsesarsky} 14. Qxe6+ $3 {1-0 Tunik,G-Geller,J/Togliatty RUS 2001/The Week in Chess 354 (14)}) 14. Bf4 $16) 8... Qb6 (8... Nbd7 {Tsesarsky} 9. O-O Qb6 10. Nc3 a6 11. e5 Nd5 12. Nxd5 cxd5 13. Bd3 Rc8 14. Qe2 Be7 15. h4 $14 {1-0 Timoscenko,G-Delabaca,R/Valle d'Aosta ITA 2002/The Week in Chess 379 (34)}) 9. Nc3 a6 10. Bg5 Nbd7 11. Rd1 h6 12. Bh4 b4 13. Na4 b3 14. axb3 Qb4+ 15. Nc3 c5 16. d5 exd5 17. exd5 Bxd5 18. Rxd5 $1 Nxd5 19. Bc4 N5f6 20. O-O Bd6 21. Re1+ Kf8 22. Qd3 Qb8 23. Ne4 Be7 24. Nxf6 Nxf6 25. Ne5 $18 {1-0 Timoscenko,G-Lanzani,M/Saint Vincent 2000/CBM 74 ext (31)}) (7... a6 {Tsesarsky} 8. Nc3 (8. Be2 {Tsesarsky} Nd7 9. O-O Ngf6 10. Bg5 h6 11. Bh4 Qb6 12. Rd1 c5 13. d5 exd5 14. exd5 Bxd5 15. a4 $44 {½-½ Jakobsen,L-Leer Salvesen,B/Gausdal NOR 2002/The Week in Chess 388 (31)}) 8... Nd7 9. Be2 c5 10. d5 exd5 11. Nxd5 Ngf6 12. O-O Nxd5 13. exd5 Be7 14. Bf4 O-O 15. Rad1 Re8 16. Rfe1 $14 {0-1 Fyllingen,R-Lahlum,H/Bergen 2000/CBM 77 ext (68)}) 8. Bg5 {'!' Tsesarsky. Tsesarsky: 'This move's idea isn't new: c1 is developed with tempo.'} (8. a4 {Tsesarsky} Rc8 9. Bg5 $1 Be7 10. Bxe7 Nxe7 11. Nbd2 (11. b4 {Tsesarsky} a5 12. Qb2 axb4 13. Qxb4 (13. axb5 {Tsesarsky} cxb5 14. Nbd2 O-O 15. Qxb4 Nf6 16. Bd3 Nc6 $11) 13... c5 14. dxc5 O-O 15. Bxb5 Nxc5 16. Nbd2 Qd6 $14 {[%csl Re4]}) 11... O-O 12. Nb3 Ng6 13. Nc5 Qa5+ 14. Nd2 (14. Qd2 {Tsesarsky} Qc7 15. Qc3 (15. Qc2 {Tsesarsky} Rfd8 $132 {[%cal Ge6e5]}) 15... Rfd8 {[%csl Rf1][%cal Ge6e5]} 16. g3 a5 17. Be2 b4 18. Qe3 e5 $132 {½-½ Popov,R-Popov,V/Krasnodar 1997/EXT 2000 (30)}) 14... Nxc5 15. Qxc5 Rfd8 16. b4 Qb6 17. Nb3 $14 {[%csl Rb7]}) ({RR} 8. Be2 Ngf6 9. Bg5 Be7 10. O-O O-O 11. Nbd2 Rc8 12. a4 h6 13. Bxf6 Nxf6 14. Rfd1 c5 15. d5 exd5 16. e5 Nd7 17. axb5 Qb6 18. Nc4 Qc7 19. Ne3 d4 20. Nf5 Rfe8 21. e6 Nf6 22. exf7+ Kxf7 {Cheparinov,I (2709)-Zhigalko,S (2604) St Petersburg 2018 1-0 (65)}) ({RR} 8. a4 b4 9. Bg5 Be7 10. Bxe7 Qxe7 11. Nbd2 c5 12. Bb5 Rc8 13. Rc1 Ngf6 14. e5 Nh5 15. dxc5 O-O 16. Bxd7 Qxd7 17. Qc4 Qxa4 18. Qh4 Ba6 19. Qxh5 Rxc5 20. Nb3 Rxc1+ 21. Nxc1 Qc2 22. Nd2 Qxc1+ {Casiguran,P (2282)-Zhao,C (2514) Hong Kong HKG 2026 0-1}) 8... Qb6 {After 8...e7 white was going to exchange the bishops, thus getting full control over the square c5, but 8...gf6 was a worth trying.} ({In case of} 8... Be7 {Tsesarsky} 9. Bxe7 Nxe7 10. Nbd2 {[%csl Rc5] It isn't easy for Black to organize c6-c5 promotion.}) (8... Ngf6 {Tsesarsky} 9. e5 (9. Nbd2 $5 {Tsesarsky}) 9... h6 10. Bd2 (10. Bh4 {Tsesarsky} g5 11. exf6 gxh4 12. Nbd2 Rg8 $15) 10... Nd5 11. Nc3 $14) 9. a4 {Tsesarsky: 'The struggle in this variation goes surround c6-c5 break, and the last move prevents c6-c5. '} (9. Nc3 {Tsesarsky} Ngf6 10. Bd3 h6 11. Bxf6 Nxf6 12. O-O Be7 13. e5 (13. Rfc1 $5 {Tsesarsky} a6 14. a4 Nd7 $14 {[%cal Gc6c5]}) 13... Nd7 14. Ne4 c5 $1 $11 {0-1 Timon Piote,S-Wang Lei/Istanbul 2000/EXT 2001 (33)}) 9... Bb4+ $146 {Or} (9... bxa4 10. Nc3) ({RR} 9... a6 10. Bd3 c5 11. axb5 axb5 12. Rxa8+ Bxa8 13. dxc5 Bxc5 14. O-O Ne7 15. Na3 f6 16. Bd2 b4 17. Nc4 Qa7 18. e5 Bxf3 19. gxf3 f5 20. Nd6+ Kf8 21. f4 g5 22. Qc4 Nd5 23. Bxf5 Ke7 24. Bxe6 {Stocek,J (2561)-Rombaldoni,A (2169) Trieste 2006 1-0}) 10. Nc3 Ngf6 11. Bd3 (11. e5 Nd5 12. Bd3 {was also strong.}) 11... c5 $1 {Tsesarsky: 'This move is definitely mistake.' Kortschnoj: The best chance. Otherwise after} (11... bxa4 12. O-O {white has a big advantage.}) 12. dxc5 ({Not} 12. Bxf6 $6 {Tsesarsky} Nxf6 13. Bxb5+ Kf8 ({Badly is} 13... Ke7 $2 {Tsesarsky} {in view of} 14. e5 $1 {and Black can't capture on f3 because of intermediate check: e5xf6+.} Nd5 15. O-O $16 {[%csl Re7]}) 14. dxc5 Qxc5 $44 {[%csl Re4]}) 12... Nxc5 (12... Bxc5 13. axb5 $16) 13. Bxb5+ Kf8 {'' Tsesarsky. Tsesarsky: 'We've seen this position with small difference: without c5 and g5. These pieces presence on the board gives to White an advantage.'} 14. O-O Ncxe4 (14... Bxc3 15. Qxc3 Nfxe4 16. Qa3 Nxg5 17. Nxg5 h6 18. Rac1 Rc8 19. Nf3 $16) (14... a6 $6 15. Bd3 (15. Be2 Ncxe4 16. Nxe4 Bxe4 17. Qc4 Qb7 $13) 15... Nxd3 16. Qxd3 Bxc3 17. Qxc3 Nxe4 $14) 15. Nxe4 Nxe4 $2 (15... Bxe4 16. Qc4 Qc5 (16... Bc5 17. b4 Bd6 18. Bxf6 Bxf3 19. Bd4 Bd5 20. Qc3 $18) 17. Rac1 Qxc4 (17... Bxf3 18. Qxc5+ $16) 18. Rxc4 Bxf3 19. gxf3 (19. Rxb4 $14) 19... Bd6 $14) 16. Ne5 $1 $16 Kg8 $8 (16... Qd6 17. Bf4 $18) 17. Be3 Qd6 18. Bc6 $16 (18. Nc6 a6 (18... Nf6 19. Rfd1 Qf8 $1 (19... Nd5 20. Rxd5 Qxd5 (20... exd5 21. Nxb4 Qxb4 22. Qc7 $18) 21. Rd1 $18) 20. Nxb4 Qxb4 21. Rd4 $14) 19. Qxe4 axb5 20. axb5 Rxa1 21. Rxa1 Bc5 22. Qc2 Bxe3 23. Rd1 Bxf2+ 24. Kf1 $18) 18... Bxc6 19. Nxc6 Nf6 20. Rfd1 Nd5 21. Bxa7 h5 22. Rac1 (22. a5 $5 { a4}) 22... Rh6 23. Rd4 {A threat is - to simplify the position by b4.} Bc3 24. Qxc3 $18 (24. Rxd5 Qxc6 (24... exd5 25. Qxc3 $18) 25. Rc5 Qb7 26. Rxc3 Rg6 27. Rg3 Rxg3 28. hxg3 Qxa7 $16) 24... Nxc3 25. Rxd6 Ne2+ 26. Kf1 Nxc1 27. b4 e5 (27... g5 28. b5 f5 29. b6 Rh7 30. Rxe6 Rd7 31. Re7 Rd1+ 32. Re1 Rxe1+ 33. Kxe1 Nd3+ 34. Kd2 Nc5 35. Ke3 Kf7 36. Kd4 Nb7 37. Kd5 Ke8 38. a5 $18) 28. Rxh6 gxh6 29. b5 Nb3 30. Ke2 Na5 (30... Kf8 31. Kd3 Ke8 32. Kc4 Nd2+ 33. Kd5 Kd7 34. a5 $18) 31. Nxa5 Rxa7 32. b6 Ra6 33. b7 Rb6 34. Kd3 f5 35. h4 (35. Kc4 $18) 35... Kf7 $2 (35... Kg7 36. Kc4 Kf6 37. Kc5 Rb2 38. Kc6 {(threatening c4-b6)} Rb4 39. Kc7 e4 40. g3 f4 41. gxf4 Kf5 42. Nc6 $18) 36. Nc6 1-0

[Event "Presidents Cup "]
[Site "Elista"]
[Date "1998.05.08"]
[Round "1.2"]
[White "Salov, Valery"]
[Black "Onischuk, Alexander"]
[Result "1/2-1/2"]
[WhiteElo "2680"]
[BlackElo "2610"]
[Annotator "Tsesarsky,Ilya"]
[PlyCount "68"]
[EventDate "1998.05.07"]
[EventType "k.o."]
[EventRounds "6"]
[EventCountry "RUS"]
[SourceTitle "CBM 065"]
[Source "ChessBase"]
[SourceDate "1998.08.06"]
[SourceVersion "1"]
[SourceVersionDate "1998.08.06"]
[SourceQuality "1"]

1. d4 d5 2. c4 e6 3. Nf3 c6 4. Qc2 Bd6 5. g3 f5 6. Bf4 (6. Bg2 Ne7 7. Bf4 Bxf4 8. gxf4 O-O 9. e3 Nd7 10. cxd5 exd5 11. Nc3 a5 12. O-O-O b5 13. Kb1 a4 (13... Nb6 14. Ne5 a4 15. Ne2 $16) 14. a3 b4 $5 (14... Nb6 15. Na2 Nc4 16. Rhg1 $16) 15. axb4 Ba6 16. Bf1 (16. Nxa4 $16) 16... a3 17. b3 a2+ 18. Ka1 $16 {Gheorghiu,F-Skembris,S/Dubai olm 1986/1-0 (71)}) 6... Bxf4 $1 (6... Nf6 $2 7. Bxd6 $1 (7. Nbd2 $2 O-O $2 (7... Bxf4 8. gxf4 O-O $11) 8. Bxd6 $1 Qxd6 9. Bg2 Ne4 10. O-O Bd7 11. c5 Qc7 12. Nxe4 fxe4 13. Ne5 Be8 14. Bh3 Qe7 15. f3 exf3 16. exf3 $16 {½-½ Raetsky,A-Kaenel,H/Bad Zurzach op 1995 (32)}) 7... Qxd6 8. Bg2 O-O 9. O-O Nbd7 10. Nbd2 Ne4 11. Rac1 h6 12. Rfd1 Qe7 13. Ne5 Nxe5 14. dxe5 Nxd2 15. Qxd2 Bd7 16. b4 a6 17. f4 $16 {1-0 Rashkovsky,N-Popov,V/RUS-chT Kazan 1995 (38)}) 7. gxf4 Nf6 8. e3 O-O 9. Nc3 Nbd7 (9... Ne4 10. Nxe4 fxe4 11. Ne5 Nd7 12. Nxd7 Bxd7 13. O-O-O $14 (13. h4 $6 c5 $1 14. dxc5 Qa5+ 15. Qd2 Qxc5 16. cxd5 exd5 17. Rc1 Qd6 18. Bc4 Bc6 $132 {Raetsky,A-Apicella,M/Open, Cappelle la Grande FRA 1998/0-1 (67)})) 10. Bd3 Ne4 11. O-O-O b6 12. cxd5 $146 (12. Rhg1 Bb7 13. Rg2 $14 (13. Bxe4 $6 fxe4 14. Ne5 Nxe5 15. dxe5 Qh4 16. Rg2 $132 (16. cxd5 $6 cxd5 $15 {0-1 Leski,M-Apicella,M/FrTCh, Montpellier FRA 1998 (32)}))) (12. Kb1 $5 Ba6 13. Rc1 Nd6 (13... b5 14. c5 Qa5 $14 (14... b4 $6 15. Bxa6 bxc3 16. bxc3 $16)) 14. Qa4 Qc8 15. Nb5 Nxb5 (15... cxb5 16. cxb5 $16) 16. cxb5 Bxb5 17. Bxb5 cxb5 18. Qxb5 $14) ({RR} 12. Rhg1 Bb7 13. Bxe4 fxe4 14. Ne5 Nxe5 15. dxe5 Qh4 16. cxd5 cxd5 17. Qe2 Rac8 18. Qg4 Qxg4 19. Rxg4 Ba6 20. Kd2 Bd3 21. Rc1 Rc5 22. Rgg1 Rfc8 23. a3 Kf7 24. f3 b5 25. fxe4 dxe4 26. Rg2 a5 {Leski,M (2425)-Apicella,M (2520) France 1998 0-1 (32)}) 12... cxd5 13. Kb1 $132 Bb7 14. Bxe4 $1 (14. Rc1 Rc8 15. h4 Qe7 16. Bxe4 (16. Qe2 Nxc3+ 17. bxc3 Rc7 18. Qb2 Rfc8 $15) 16... dxe4 17. Ne5 Nxe5 18. dxe5 Ba6 19. Ka1 Rfd8 $15) 14... fxe4 (14... dxe4 15. Ne5 (15. Ng5 Qe7 16. Qb3 Rae8 17. Rhg1 h6 18. Nh3 Rc8 $11) 15... Nxe5 16. dxe5 Qe8 17. Rd6 Rf7 18. Qb3 $14) 15. Nd2 (15. Ng5 $5 Qe7 16. Rhg1 Rac8 17. Qe2 Rc6 18. f3 h6 19. Nh3 exf3 20. Qxf3 $132) 15... Ba6 16. Ka1 (16. Qa4 Bd3+ 17. Ka1 a5 18. Rc1 Rc8 19. f3 exf3 20. Nxf3 Qe7 21. Rhg1 Rc4 22. Qd1 Bf5 $132) 16... Bd3 17. Qb3 b5 $6 $14 (17... Rc8 18. Rhg1 $132) 18. f3 (18. Nxb5 $4 Rb8 $19) 18... Bc4 (18... exf3 19. Nxf3 Bc4 20. Qc2 Qe7 (20... Nf6 21. b3 b4 22. Na4 Bb5 23. Nc5 Rc8 24. Ng5 Qe7 25. Qd2 Rc6 26. Qxb4 $16) 21. b3 b4 22. Na4 Bb5 23. Ng5 Rf5 24. Nb2 $14) 19. Nxc4 bxc4 20. Qc2 (20. Qa3 exf3 21. Rhf1 $14) 20... exf3 21. Rhf1 Rb8 22. Rxf3 Nf6 23. f5 (23. Rg1 Rf7 24. Rf2 Rfb7 25. Rfg2 Ne8 26. Na4 Qa5 27. Qd1 Rb4 28. Nc5 $14) 23... Qe7 24. e4 (24. fxe6 Qxe6 $11) 24... dxe4 25. Nxe4 exf5 (25... Nd5 26. Qxc4 $14) (25... Nxe4 26. Qxe4 Qd6 27. fxe6 Rxf3 28. Qxf3 Qxe6 29. d5 Qe5 30. Qc3 Qxh2 31. d6 Qf4 32. d7 Rd8 33. Qe1 Qf7 34. Qe5 $14) 26. Qxc4+ Kh8 27. Nc5 (27. Nxf6 Rxf6 28. d5 $14) 27... Qd6 (27... g6 28. d5 $1 Rfc8 29. Rc3 Qe5 30. d6 Ne4 31. d7 Nxc3 32. dxc8=Q+ Rxc8 33. Ne6 $3 $18 Re8 (33... Rxc4 34. Rd8#) 34. Ng5 Qf6 (34... Nxd1 35. Nf7+ $18) 35. Qxc3 $18) 28. Rxf5 (28. h3 Qh2 29. Qc3 Rfe8 30. Rxf5 Re2 $44) 28... Qxh2 29. Nd3 $6 (29. b3 Rbc8 30. Re5 (30. d5 Qd6 $17) 30... Nd7 31. Re7 Nxc5 32. dxc5 Qg3 33. c6 $132) (29. Qc1 $142 Rfe8 30. Rh1 Qd6 31. Qc2 Re7 (31... Qxd4 $2 32. Rxf6 $18) 32. Re5 Rc7 (32... Rxe5 33. dxe5 Qxe5 34. Nd7 Qd5 35. Rd1 Qxd1+ 36. Qxd1 Rd8 37. Qc1 $1 Nxd7 38. Qc7 Re8 39. a4 $16) 33. Qh2 Rc6 (33... Qxd4 34. Ne6 $18) 34. Kb1 $1 $14) 29... Rfc8 30. Rc5 Rd8 (30... Rxc5 31. dxc5 Rd8 32. c6 (32. Rc1 $132) 32... Qd6 $132) 31. b3 (31. Rc1 $132) 31... Qe2 32. Nb2 (32. Rc1 Nd7 33. Ne5 Qxc4 34. R5xc4 Nxe5 35. dxe5 Re8 $11) 32... Qf3 33. d5 Ne4 $6 (33... a5 34. Rxa5 Rbc8 35. Qd3 (35. Rc5 Rxc5 36. Qxc5 Nxd5 $132) 35... Qxd3 36. Nxd3 Rxd5 37. Rxd5 Nxd5 $132) 34. Rc7 Qg2 $14 (34... Qg2 35. Re7 (35. Qd4 Nf2 (35... Nf6 36. Qxa7 $5 (36. Rg1 Qxd5 37. Qxd5 Rxd5 38. Rgxg7 (38. Rxa7 $132) 38... Re8 39. a4 a5 40. Rgf7 Re6 $11) 36... Ra8 37. Qg1 Qxg1 38. Rxg1 g6 $1 $132) 36. Rdc1 $14) 35... Nd6 36. Qc7 Nf5 (36... Rbc8 37. Qxa7 Rc2 38. Ree1 $1 Rdc8 (38... Rxb2 39. Rg1 $18) 39. Qd4 $14) 37. Rd7 Qg5 38. Nc4 Qf6+ 39. Kb1 Rxd7 40. Qxb8+ Rd8 41. Qxa7 $16) 1/2-1/2

[Event "Dortmund SuperGM 41st"]
[Site "Dortmund"]
[Date "2013.08.02"]
[Round "7"]
[White "Andreikin, Dmitry"]
[Black "Kramnik, Vladimir"]
[Result "1-0"]
[WhiteElo "2727"]
[BlackElo "2784"]
[Annotator "Krasenkow,Michal"]
[PlyCount "66"]
[EventDate "2013.07.26"]
[EventType "tourn"]
[EventRounds "9"]
[EventCountry "GER"]
[EventCategory "19"]
[SourceTitle "CBM 156"]
[Source "ChessBase"]
[SourceDate "2013.09.17"]
[SourceVersion "1"]
[SourceVersionDate "2013.09.17"]
[SourceQuality "1"]

1. d4 {Andreikin,Dmitry Aronian,Levon} Nf6 2. c4 e6 3. Nf3 d5 4. Bg5 h6 5. Bxf6 Qxf6 6. Nbd2 g6 {Hardly a good move before White has played e2-e3.} (6... dxc4 {and}) (6... Nd7 {are common continuations.}) ({RR} 6... Nd7 7. Rc1 c6 8. a3 g5 9. h3 ({RR} 9. e3 Bg7) ({RR} 9. e4 g4 10. e5 Qd8 ({RR} 10... Qf5 11. Ng1 ({RR} 11. Nh4 Qf4 12. Nb3 Be7) 11... c5 12. cxd5 cxd4 13. dxe6 Qxe5+ 14. Qe2 fxe6) 11. Ng1 Qb6 12. Nb3 a5 ({RR} 12... c5 13. Bd3 cxd4 14. f4) 13. c5 Qd8 14. Nd2 Rg8) 9... h5 10. cxd5 ({RR} 10. e4 g4 11. e5 Qg7) 10... exd5 11. e4 g4 12. e5 Qg7 13. Nh4 Qg5 14. g3 f6 15. e6 Nb6 16. Rc3 ({RR} 16. Bd3 Bxe6 17. Ng6 Rg8) 16... Bxe6 17. Re3 Kd7 ({RR} 17... Qg8 18. Ng6 Bh6 ({RR} 18... Qxg6 19. Bd3 f5 20. hxg4) 19. Nxh8 Bxe3 20. fxe3 Qxh8 21. hxg4 Qg7 22. g5) 18. Bd3 Re8 ({RR} 18... Nc4 19. Bxc4 dxc4 20. Ne4 Qa5+ 21. Kf1) ({RR} 18... Bd6 19. Rxe6 Kxe6 20. Nf5 Kd7) 19. Ng6 Rg8 ({RR} 19... Nc4 20. h4 Qh6 ({RR} 20... Nxe3 21. Qb3 Qh6 22. Qxb7+ Kd6 23. Nxh8) 21. Nxc4 dxc4 22. d5) 20. Nf4 Bh6 ({RR} 20... Bf7 21. Rxe8 Kxe8 22. hxg4 Qxg4 23. Be2 Qd7 24. Bxh5 Bd6) 21. Bh7 {Aronian,L (2739)-Anand,V (2799) Nice 2008 CBM 123 Extra [Aronian,Levon] 1-0 (50)} {RR} Rg7 22. h4 Qxf4 23. gxf4 Rxh7 24. Nb3) ({RR} 6... Be7 7. Qc2 O-O 8. e3 c5 ({RR} 8... c6 9. h4 Nd7 10. g4) 9. dxc5 Nd7 ({RR} 9... Na6 10. cxd5 exd5 11. Bxa6 Qxa6 12. Nd4 Bd7 13. b4 Bf6) 10. cxd5 exd5 ({RR} 10... Nxc5 11. dxe6 ({RR} 11. d6 Bxd6 12. Rd1) 11... Bxe6 12. Bc4 Bf5 13. e4 Nxe4 14. Nxe4 Qg6 15. Bd5 ({RR} 15. Nfd2 Rac8 16. O-O b5 17. Bxf7+ Rxf7 18. Qd3 Bg5) ({RR} 15. O-O Bxe4 16. Qb3 Rad8) 15... Rfd8 16. Bxb7 Qxg2 17. Ke2 ({RR} 17. Rg1 Qxf3 18. Nf6+ Bxf6 19. Bxf3 Bxc2) 17... Bg4 18. Qb3 Rab8 19. Rhg1 Qxf3+ 20. Qxf3 Bxf3+ 21. Kxf3 Rxb7) 11. Nb3 a5 ({RR} 11... b6 12. c6 Nb8 13. Rc1 Bb4+ 14. Nbd2 Bf5 15. Bd3 Bxd3 16. Qxd3 Nxc6 17. O-O) 12. a4 ({RR} 12. Bd3 a4 13. Nbd4 Nxc5 14. O-O) 12... b6 13. c6 Bb4+ 14. Kd1 Nc5 ({RR} 14... Nb8 15. Nbd4 Bc5 16. Bb5 Bg4 17. h3 Bxf3+ 18. Nxf3 Nxc6 19. Bxc6 Qxc6 20. Ke2) 15. Nbd4 Ne4 ({RR} 15... Bg4 16. Bb5 ({RR} 16. h3 Bxf3+ 17. gxf3 Ne6 18. Qf5 Qh4 19. Bd3 g6 20. Rg1 Ng5) 16... Ne6 17. Kc1 Bc5 18. Qd2 Bb4 19. Qc2 Bc5) 16. Bb5 g5 ({RR} 16... Bg4 17. Kc1 Bh5 18. Bd3 ({RR} 18. Kb1 Bg6 19. Bd3 Nxf2 20. Bxg6 Qxg6 21. Qxg6 fxg6 22. Rc1 Nd3 23. Rd1 Nf2 24. Rc1 Nd3) 18... Nc5 19. Bf5 Bxf3 20. gxf3 g6 21. Bh3 Na6 22. Bf1 ({RR} 22. Kb1 Bc5) 22... Rfc8 23. Bxa6 Rxa6 24. c7 Ra7 25. Nb5 Bd6 26. Nxa7 Rxc7 27. Nc6 Bf8 28. Kb1 Rxc6) 17. h3 h5 ({RR} 17... Ra7 18. Kc1 Rc7 19. Kb1 Rd8 20. Ka2 Bf8 21. Rac1 Bg7) 18. Kc1 Bc5 ({RR} 18... g4 19. hxg4 hxg4 20. Kb1 gxf3 21. gxf3 Ng5 22. Ka2) 19. Kb1 Re8 20. Ka2 Ra7 21. Rad1 {Andreikin,D (2709)-Topalov,V (2785) Khanty-Mansiysk 2014 CBM 160 [Andreikin,Dmitry] 1-0}) 7. Qb3 {White should immediately exploit his development advantage.} (7. g3 {is too slow:} Bg7 8. Qa4+ Nd7 9. Ne5 Qe7 10. f4 O-O 11. Bg2 Nxe5 12. fxe5 c5 $1 $132 {0-1 (29) Labib,I (2432)-Smeets,J (2614) Al-Ain UAE 2012}) 7... dxc4 $146 (7... Qd8 8. cxd5 $5 exd5 9. e4 $40) ({RR} 7... c6 8. e4 Bg7 9. e5 Qe7 10. Bd3 O-O 11. O-O c5 12. dxc5 Nc6 13. Rfe1 Qxc5 14. Rac1 Qa5 15. cxd5 exd5 16. Qb5 Qd8 17. e6 fxe6 18. Bxg6 e5 19. Rcd1 Bg4 20. Qxb7 Qf6 21. Be4 Rad8 22. Rc1 {Moradiabadi,E (2549)-Quintiliano Pinto,R (2423) Montevideo 2018 0-1 (32)}) ({RR} 7... c6 8. g3 Bg7 9. Bg2 O-O 10. O-O Nd7 11. e4 Qd8 12. cxd5 cxd5 13. exd5 Nb6 14. dxe6 Bxe6 15. Qa3 a5 16. Qc5 Bd5 17. Rfd1 Re8 18. b3 Re6 19. Rac1 Qe8 20. Nc4 Bf8 21. Qc7 Rc8 22. Qf4 {Garcia Palermo,C (2410)-Knaak,R (2438) Struga MKD 2023 ½-½ (33)}) 8. Qxc4 Qe7 9. Rc1 c6 10. e4 Bg7 11. e5 O-O 12. Bd3 $14 {We have a position typical of the Moscow Variation but White is clearly ahead in development. In fact, it is not easy for Black to develop his queenside.} b6 13. O-O Rd8 (13... Ba6 $5 14. Qb3 Bxd3 15. Qxd3 c5 {may be a decent try} 16. dxc5 $140 Nd7 $1) 14. Qb3 Bb7 15. Be4 Rd7 $6 (15... Qd7 {[%cal Yb8a6] is ugly}) (15... c5 $5 16. Bxb7 Qxb7 17. dxc5 Nc6 {(K.Landa)} 18. Nc4 Rd5 {, with some counterplay for the pawn, was the best option.}) 16. Rfd1 c5 17. dxc5 bxc5 18. Qa4 $1 {[%mdl 32] Preventing ...b8-c6.} Rd8 {Black admits his mistake.} (18... Bd5 19. Nb1 $1 {[%cal Yb1c3]}) 19. Nb3 (19. Rxc5 $5 {was probably more energetic:} Bxe4 (19... Na6 20. Rb5) 20. Nxe4 Nd7 21. Rc7 Nb6 22. Rxe7 Nxa4 23. Nd6 Bf8 24. Rb7 $16) 19... Na6 ({In the event of} 19... Bxe4 20. Qxe4 Nd7 21. h4 {Black's position remains difficult.}) 20. Rd6 $1 Bxe4 $6 (20... c4 $142 $1 21. Bxb7 (21. Qxc4 $6 Rac8) 21... Qxb7 22. Qxc4 (22. Rxd8+ Rxd8 23. Qxc4 Rd5 $14) 22... Rxd6 23. exd6 Rd8 24. Na5 Qxb2 25. Rf1 Nb8 {, and Black holds on}) 21. Qxe4 Rxd6 22. exd6 {[%csl Gd6] This pawn decides the game.} Qf8 23. Qb7 $1 Nb4 24. d7 Nd3 25. Rd1 c4 (25... Rd8 {was the last possibility to put up resistance but Black should lose anyway:} 26. Qc7 $1 (26. Rxd3 $143 c4 27. Rd2 cxb3 28. Qxb3 Qc5) 26... Nxb2 (26... c4 27. Na5) 27. Rb1 $1 {(K.Landa)} Nd3 (27... Nc4 28. Nxc5 Nb6 29. Rxb6 axb6 30. Nb7 Bf6 31. Nxd8 Bxd8 32. Qb8) 28. Na5 Bf6 29. Nc6 Ra8 30. Nd2 {[%cal Yd2e4]}) 26. Na5 {[%cal Ra5c4,Ra5c6]} Rd8 (26... Nxb2 27. Qxa8) 27. Nc6 Qc5 28. Nxd8 Qxf2+ 29. Kh1 Bd4 30. h3 Qe3 31. Nxf7 Bb6 32. N7e5 Nf2+ 33. Kh2 Nxd1 (33... Nxd1 34. d8=Q+ Bxd8 35. Qf7+ Kh8 36. Nxg6#) 1-0